"Ja poljubil stradanije - " avtobiografija

Bibliographic Details
Main Author: Luka arcibiskup 1877-1961 (Author)
Format: Book
Language:Russian
PhysicalDescription:205 s. 21 cm
Published: Moskva Izdatel'stvo im. svt. Ignatija Stavropol'skogo 1999
Subjects:

MARC

LEADER 00000nam a2200000 a 4500
001 vtls001403185
003 SK-MaSNL
005 20260301161922.0
008 251124s1999 RU ac ra 0 rus
020 |c [70,00] 
035 |a SNK000357735 
040 |a SNK  |b slo  |c SNK  |e AACR2 
044 |a RU 
080 |a 281.93:929=82  |2 1981 
080 |a 929 Luka  |2 1981 
080 |a 882-94  |2 1981 
100 0 |a Luka  |c arcibiskup  |d 1877-1961  |4 aut  |9 525636 
245 1 0 |a "Ja poljubil stradanije - "  |b avtobiografija  |c archijepiskop Luka (Vojno-Jaseneckij) 
260 |a Moskva  |b Izdatel'stvo im. svt. Ignatija Stavropol'skogo  |c 1999 
300 |a 205 s.  |c 21 cm 
500 |a Vl. m. autora Michail Vojno-Jaseneckij 
600 0 |a Luka (hodnostár cirkevný pravoslávny ruský)  |d 1877-1961  |c arcibiskup  |x biografie  |2 SNK  |9 525637 
999 |c 811313  |d 813243 
952 |t P60, <04>, [BOOK], {604}  |a SNK  |b SNK  |y VYP  |7 0  |p 17A0260506  |o snkIC 129169  |i snkV 94/2001  |0 0  |1 0  |4 0  |d 2001-02-05  |l 0  |r 2005-01-02 00:00:00  |w 2026-02-24